| 000 | 00635nam a22002177a 4500 | ||
|---|---|---|---|
| 999 |
_c11646 _d11646 |
||
| 001 | 11646 | ||
| 003 | BD-JhCC | ||
| 005 | 20200713124740.0 | ||
| 008 | 200713b2019 bg |||| |||| 00| 0 ben d | ||
| 035 | _a(BD-JhCC)11646 | ||
| 040 |
_aBD-JhCC _dBD-JhCC |
||
| 041 | _aeng | ||
| 082 |
_a891.443 _bKAI 2019 |
||
| 100 | _a কায়সার, শহীদুল্লাহ | ||
| 245 |
_aসারেং বৌ / _cশহীদুল্লাহ কায়সার, |
||
| 260 |
_aঢাকা: _bচারুলিপি; _c2019. |
||
| 300 |
_a127 p. : _c22 cm |
||
| 650 | _aBengali Novel | ||
| 942 |
_2ddc _cBK |
||